MARC

Tag First Indicator Second Indicator Subfields
LEADER 00000cam a2200000 a 4500
001 in00000926871
005 20150924202249.0
008 900307s1989 dcua b f00010 eng d
010 |a gp 90015390  
035 |a (OCoLC)21181746 
035 |9 AEQ8760AM 
040 |a PLF  |c PLF  |d GPO  |d UtOrBLW 
043 |a n-us--- 
074 |a 989-H 
086 0 |a VA 1.48/4:70-89-2 
100 1 |a Klein, Robert E.  |q (Robert Edward),  |d 1945- 
245 1 0 |a Disability, VA programs, and labor force status among male Vietnam era veterans /  |c Robert E. Klein. 
264 1 |a Washington, D.C. :  |b Dept. of Veterans Affairs, Deputy Assistant Secretary for Information Resources Management, Office of Information Management and Statistics, Research Division,  |c [1989] 
300 |a 9 pages :  |b illustrations ;  |c 28 cm. 
336 |a text  |b txt  |2 rdacontent 
337 |a unmediated  |b n  |2 rdamedia 
338 |a volume  |b nc  |2 rdacarrier 
490 1 |a IM&S-M ;  |v 70-89-2 
500 |a Shipping list number: 90-015-P. 
500 |a "October 1989." 
504 |a Includes bibliographical references (page 8). 
650 0 |a Vietnam War, 1961-1975  |x Veterans  |z United States. 
650 0 |a Disabled veterans  |x Employment  |z United States. 
650 0 |a Veterans  |x Employment  |z United States. 
710 1 |a United States.  |b Department of Veterans Affairs.  |b Office of Information Management and Statistics.  |b Research Division. 
830 0 |a IM&S M ;  |v 70-89-2. 
999 |a MARS 
999 f f |s 46c61109-309c-3bb3-8ac5-d438f2ae9b9e  |i 0880ea58-54e6-3be2-98b8-d5acb30d0802  |t 0 
952 f f |p normal  |a Texas A&M University  |b College Station  |c Sterling C. Evans Library  |d Evans: US Documents (Annex 5th floor)  |t 0  |e VA 1.48/4:70-89-2  |h Superintendent of Documents classification  |i unmediated -- volume  |m A14815892582 
998 f f |a VA 1.48/4:70-89-2  |t 0  |l Evans: US Documents (Annex 5th floor)